|
|
|
|
| LEADER |
00811nam a2200241 a 4500 |
| 001 |
000447491 |
| 003 |
CZ BrMZK |
| 005 |
20080901094250.0 |
| 007 |
ta |
| 008 |
990305s1984 xo f hun d |
| 040 |
|
|
|a BOA001
|b cze
|
| 080 |
|
|
|a 885.0-992(6)=945.11
|2 MRF
|
| 080 |
|
|
|a 910.4(6)
|2 MRF
|
| 100 |
1 |
|
|a Vágner, Josef,
|d 1928-2000
|7 jk01141092
|4 aut
|
| 245 |
1 |
3 |
|a Az oroszlán nem az állatok királya /
|c Josef Vágner, Naďa Schneiderová ; fordít. Mayer Judit
|
| 250 |
|
|
|a 1. magyar nyelvű kiad.
|
| 260 |
|
|
|a Bratislava :
|b Madách,
|c 1984
|
| 300 |
|
|
|a 248 s.
|
| 700 |
1 |
|
|a Schneiderová, Naďa
|7 jx20041104039
|4 aut
|
| 765 |
0 |
|
|t Lev nie je kráľom zvierat
|
| 910 |
|
|
|a BOA001
|b 2-0884.580
|
| 990 |
|
|
|a BK
|
| 996 |
7 |
|
|b 2619259814
|c 2-0884.580
|l MZK
|r Sklad / do 1 hodiny
|n 0
|w 000447491
|u 000010
|a 1
|e BOA001
|j MZK50
|s A
|